Embraer E195 operators as of February 2025 - Statistics

General Stats
  • This quiz has been taken 21 times
  • The average score is 5 of 29
Answer Stats
Num. Airline % Correct
73 Azul
69%
18 KLM Cityhopper
54%
19 LOT
54%
38 Porter Airlines
38%
Operated byPortugália Airlines, 7 TAP Express
38%
4 Breeze Airways
31%
8 Helvetic Airways
31%
34 Lufthansa CityLine
31%
17 Air Dolomiti
23%
17 Austrian Airlines
23%
Operating forTAP Express, 6 Portugália Airlines
23%
2 Air Serbia
15%
15 Binter Canarias
15%
4 Royal Jordanian
15%
10 SAS Link
15%
17 Tianjin Airlines
15%
1 Air Burkina
8%
6 Airlink
8%
3 Air Montenegro
8%
Operated byAeronova, 11 Air Europa Express
0%
5 Air Peace
0%
3 Arkia
0%
5 Bamboo Airways
0%
4 Belavia
0%
10 Georgian Airways
0%
1 Lumiwings
0%
1 Marathon Airlines
0%
3 TUI fly Belgium
0%
1 Ukraine International Airlines
0%
No matching quizzes found
Score Distribution
Percent of People with Each Score
Percentile by Number Answered
Your Score History
You have not taken this quiz